000
00225nam a22000857a 4500
008
250508b ||||| |||| 00| 0 eng d
100
_a
Drummond, James N.
245
_a
College and School Stamps
650
_a
College and School Stamps
999
_c
3655
_d
3655